| 000 | 01107nam0a22002771 4500 | ||
|---|---|---|---|
| 001 | v19\rc\1243245 | ||
| 005 | 20250617233041.0 | ||
| 035 | _a(NLR Aleph) 004400778 | ||
| 090 |
_a3875639 _c3875639 |
||
| 100 | _a20060306d1887 |||y0rusy50 ca | ||
| 101 | 0 | _arus | |
| 102 | _aRU | ||
| 105 | _ay z |||a| | ||
| 200 | 1 |
_a27 февраля 1887 _e[Стихотворение] _eЧит. д. чл. Моск. о-ва любителей птицеводства А.Н. Алферовым на обеде О-ва 26 февр. 1887 г. |
|
| 210 |
_aМосква _cтип. Л. и А. Снегиревых _dценз. 1887 |
||
| 215 |
_a[4] с. _d18 |
||
| 300 | _aВ конце текста авт. - птицевод А.Н. Алферов | ||
| 309 | _aБез тит. л. и обл. | ||
| 309 | _aНа цв. бумаге | ||
| 532 | 1 | 1 | _aДвадцать седьмое февраля тысяча восемьсот восемьдесят седьмой |
| 700 | 1 |
_aАлферов _bА.Н. |
|
| 801 | 0 |
_aRU _bNLR _gpsbo |
|
| 801 | 1 |
_aRU _bProSoft-M _2rusmarc |
|
| 852 |
_aNLR _j18.320.6.235 |
||
| 942 | _cBOOK | ||
| 980 | _aNB | ||